|
|
|
|
| LEADER |
00000ckm a2200000 a 4500 |
| 001 |
vtls011586443 |
| 003 |
SK-MaSNL |
| 005 |
20260512125737.0 |
| 007 |
kp ho |
| 008 |
230706q1901 xo g kuhun |
| 015 |
|
|
|a SNBG1901
|
| 035 |
|
|
|a urn:nbn:sk:snk-km00dz5i
|
| 035 |
|
|
|a urn:nbn:sk:snk-km3lqrv
|
| 035 |
|
|
|a 743D240E-D0F3-46CE-A47A-717CC2431525
|
| 040 |
|
|
|a SNK
|b slo
|c SNK
|e AACR2
|
| 041 |
0 |
|
|a hun
|
| 043 |
|
|
|a e-xo---
|
| 044 |
|
|
|a xo
|c SK
|
| 072 |
|
7 |
|a 913
|x Regionálna geografia
|2 konspekt
|
| 080 |
|
|
|a (084.121)
|2 2011
|
| 080 |
|
|
|a 711.61
|2 2011
|
| 080 |
|
|
|a 913(437.6)
|2 2011
|
| 080 |
|
|
|a 711.73
|2 2011
|
| 080 |
|
|
|a 726:27-523.42
|2 2011
|
| 245 |
0 |
0 |
|a Üdvözlet Eperjesről
|h grafika
|b Fő-tér
|
| 260 |
|
|
|a Eperjes
|b Fénynyomat Divald műintézetéből
|c [1901?]
|
| 300 |
|
|
|a 1 pohľadnica
|b kolorovaná
|c 8 x 15 cm
|
| 500 |
|
|
|a Názvové údaje prevzaté z obrazovej časti pohľadnice
|
| 520 |
8 |
|
|a Zobrazenie: Pohľad na námestie na Hlavnej ulici s kostolom sv. Mikuláša vpravo v pozadí. Vľavo vidno rad meštianskych domov, pred ktorými je rad mladých listnatých stromov lemujúcich okraj chodníka. Vpravo pred kostolom je vysoký listnatý strom. Vpravo v popredí stoja dvaja muži a jedna žena
|
| 610 |
2 |
7 |
|a Kostol sv. Mikuláša (Prešov, Slovensko)
|2 SNKKA
|9 57217
|
| 650 |
0 |
7 |
|a námestia
|2 SNKPH
|9 26291
|
| 650 |
0 |
7 |
|a ulice
|2 SNKPH
|9 2938
|
| 650 |
0 |
7 |
|a kostoly
|2 SNKPH
|9 3023
|
| 651 |
|
7 |
|a Prešov (Slovensko)
|2 SNKPHgeo
|9 17347
|
| 655 |
|
7 |
|a miestne pohľadnice
|2 SNKPH
|9 70510
|
| 655 |
|
7 |
|a historické pohľadnice
|2 SNKPH
|9 159703
|
| 655 |
|
7 |
|a pohľadnice kultúrnych pamiatok
|2 SNKPH
|9 70523
|
| 752 |
|
|
|a Slovensko
|d Prešov
|
| 852 |
|
|
|a Slovenská národná knižnica
|
| 958 |
|
|
|a GBN
|
| 958 |
|
|
|a ONDV
|
| 958 |
|
|
|a GC
|
| 999 |
|
|
|c 1104841
|d 1106771
|
| 952 |
|
|
|a SNK
|b SNK
|y PREZ
|7 0
|p 17A1209982
|o snkSP 20146
|z Pohľadnica prešla poštou.
|0 0
|1 0
|4 0
|d 2016-10-14
|f 1
|l 0
|r 2026-02-24 17:42:34
|w 2026-02-24
|